[Event "Manny Pacquiao op"]
[Site "General Santos City"]
[Date "2022.12.15"]
[Round "6"]
[White "Concio, Michael Jr"]
[Black "Turqueza, Mari Joseph"]
[Result "1-0"]
[WhiteElo "2345"]
[BlackElo "2309"]
[PlyCount "67"]
[EventDate "2022.12.13"]
[EventType "swiss"]
[EventRounds "9"]
[EventCountry "PHI"]
[SourceTitle "EXT 2024"]
[Source "ChessBase"]
[SourceDate "2023.10.10"]
[SourceVersion "1"]
[SourceVersionDate "2023.10.10"]
[SourceQuality "1"]

1. e4 c5 2. Nf3 e6 3. d4 cxd4 4. Nxd4 a6 5. Nc3 b5 6. Bd3 Bb7 7. 0-0 Qc7 8. Re1 Ne7 9. Bxb5 Ng6 10. Bf1 Bb4 11. Bd2 Bd6 12. g3 Nc6 13. Nxc6 Bxc6 14. Bg2 h5 15. Nd5 Qb7 16. Bc3 Be5 17. Bxe5 Nxe5 18. Qd4 f6 19. b3 Kf7 20. f4 Ng4 21. c4 e5 22. Qc5 d6 23. Qa5 Kg6 24. f5+ Kh7 25. h3 Bxd5 26. Qxd5 Qa7+ 27. Kh1 g5 28. hxg4 Kg7 29. c5 Rac8 30. Qd2 hxg4+ 31. Kg1 Rhd8 32. Qe3 dxc5 33. Rac1 Rd4 34. Bf1 1-0

[Event "THA-chT"]
[Site "Bangkok"]
[Date "2019.12.18"]
[Round "6.2"]
[White "Turqueza, Mari Joseph"]
[Black "Barbe, Tom"]
[Result "1-0"]
[WhiteElo "2290"]
[BlackElo "2025"]
[PlyCount "67"]
[EventDate "2019.12.16"]
[EventType "team-swiss"]
[EventRounds "9"]
[EventCountry "THA"]
[SourceTitle "CBM 194 Extra"]
[Source "ChessBase"]
[SourceDate "2020.03.31"]
[SourceVersion "1"]
[SourceVersionDate "2020.03.31"]
[SourceQuality "1"]
[WhiteTeam "Big Rook Chess Academy"]
[BlackTeam "Red Knight CC"]
[WhiteTeamCountry "THA"]
[BlackTeamCountry "THA"]

1. d4 d5 2. c4 c6 3. Nf3 Nf6 4. Nc3 e6 5. Bg5 dxc4 6. e4 b5 7. e5 h6 8. Bh4 g5 9. exf6 gxh4 10. Ne5 Qxf6 11. a4 Bb4 12. Be2 Bb7 13. Bf3 Qe7 14. 0-0 Bxc3 15. bxc3 a6 16. Re1 0-0 17. Qb1 Nd7 18. Nxc4 Rab8 19. Na5 Ba8 20. Nxc6 Bxc6 21. Bxc6 Rfc8 22. d5 Nf6 23. axb5 axb5 24. Ra6 Qc5 25. Rxe6 Qxc3 26. Re3 Qc5 27. h3 Nxd5 28. Bxd5 Qxd5 29. Rxh6 Qg5 30. Qh7+ Kf8 31. Qh8+ Qg8 32. Qf6 b4 33. Rh8 b3 34. Qh6# 1-0

[Event "Penang op 11th"]
[Site "Penang"]
[Date "2019.12.12"]
[Round "6"]
[White "Korneev, Oleg"]
[Black "Turqueza, Mari Joseph"]
[Result "1/2-1/2"]
[WhiteElo "2524"]
[BlackElo "2290"]
[PlyCount "31"]
[EventDate "2019.12.09"]
[EventType "swiss"]
[EventRounds "9"]
[EventCountry "MAS"]
[SourceTitle "CBM 193 Extra"]
[Source "ChessBase"]
[SourceDate "2020.01.31"]
[SourceVersion "1"]
[SourceVersionDate "2020.01.31"]
[SourceQuality "1"]

1. e4 c5 2. Nf3 d6 3. d4 cxd4 4. Nxd4 Nf6 5. Nc3 a6 6. Be3 e5 7. Nf3 Be7 8. Bc4 Be6 9. Bb3 Nbd7 10. 0-0 Rc8 11. Qd3 Qc7 12. Rfd1 0-0 13. Rac1 b5 14. a3 Bc4 15. Bxc4 bxc4 16. Qe2 1/2-1/2

[Event "Penang op 11th"]
[Site "Penang"]
[Date "2019.12.10"]
[Round "3"]
[White "Turqueza, Mari Joseph"]
[Black "Abinandhan, R."]
[Result "1-0"]
[WhiteElo "2290"]
[BlackElo "2011"]
[PlyCount "53"]
[EventDate "2019.12.09"]
[EventType "swiss"]
[EventRounds "9"]
[EventCountry "MAS"]
[SourceTitle "CBM 193 Extra"]
[Source "ChessBase"]
[SourceDate "2020.01.31"]
[SourceVersion "1"]
[SourceVersionDate "2020.01.31"]
[SourceQuality "1"]

1. d4 Nf6 2. c4 e6 3. g3 d5 4. Nf3 Be7 5. Bg2 0-0 6. 0-0 dxc4 7. Qa4 a6 8. Qxc4 b5 9. Qc2 Bb7 10. Bd2 Nbd7 11. Ba5 Rc8 12. Nbd2 Qe8 13. b4 Bd6 14. e4 e5 15. Rae1 c6 16. Nb3 Bb8 17. Bh3 h5 18. Ng5 exd4 19. e5 Nxe5 20. Nc5 Ba8 21. f4 d3 22. Qd1 d2 23. Qxd2 Nc4 24. Qf2 Nxa5 25. Rxe8 Rcxe8 26. bxa5 Ba7 27. Rc1 1-0

[Event "Johor op 6th"]
[Site "Johor"]
[Date "2019.12.04"]
[Round "5"]
[White "Taher, Yoseph Theolifus"]
[Black "Turqueza, Mari Joseph"]
[Result "1-0"]
[WhiteElo "2469"]
[BlackElo "2290"]
[PlyCount "103"]
[EventDate "2019.12.02"]
[EventType "swiss"]
[EventRounds "9"]
[EventCountry "MAS"]
[SourceTitle "CBM 193 Extra"]
[Source "ChessBase"]
[SourceDate "2020.01.31"]
[SourceVersion "1"]
[SourceVersionDate "2020.01.31"]
[SourceQuality "1"]

1. c4 c5 2. Nf3 g6 3. d4 cxd4 4. Nxd4 Nc6 5. e4 Nf6 6. Nc3 Bg7 7. Be3 Ng4 8. Qxg4 Nxd4 9. Qd1 Nc6 10. Qd2 d6 11. Be2 Qa5 12. Rc1 0-0 13. 0-0 Be6 14. Rfd1 Rfc8 15. b3 Rab8 16. Nd5 Qxd2 17. Rxd2 Kf8 18. f4 f5 19. exf5 Bxf5 20. Bf3 b6 21. Nc3 Na5 22. Nb5 Bd7 23. Nd4 a6 24. Bd5 b5 25. Ne6+ Bxe6 26. Bxe6 Rc7 27. f5 bxc4 28. fxg6 hxg6 29. Rf2+ Bf6 30. g4 Rb5 31. b4 Nb7 32. Bh6+ Ke8 33. Kg2 Nd8 34. Bxc4 Rxb4 35. Bxa6 Rxg4+ 36. Kf3 Rxc1 37. Bxc1 Rg1 38. Be3 Ra1 39. Bd3 g5 40. Kg4 Ne6 41. Bb5+ Kf8 42. Bc4 Nc5 43. Bxg5 Ne4 44. Bh6+ Ke8 45. Rc2 Kd7 46. Kf3 Ng5+ 47. Kg4 Rg1+ 48. Kf5 Re1 49. Bb5+ Kd8 50. Be2 Nf7 51. Bd2 Ra1 52. Ba5+ 1-0

[Event "Pattaya Thailand op 2nd"]
[Site "Pattaya"]
[Date "2019.10.29"]
[Round "8"]
[White "Turqueza, Mari Joseph"]
[Black "Wiwatanadate, Poompong"]
[Result "1-0"]
[WhiteElo "2317"]
[BlackElo "2043"]
[PlyCount "91"]
[EventDate "2019.10.23"]
[EventType "swiss"]
[EventRounds "9"]
[EventCountry "THA"]
[SourceTitle "CBM 192 Extra"]
[Source "Chessbase"]
[SourceDate "2019.11.06"]
[SourceVersion "1"]
[SourceVersionDate "2019.11.06"]
[SourceQuality "1"]

1. d4 Nf6 2. c4 e6 3. g3 d5 4. Nf3 Be7 5. Bg2 0-0 6. 0-0 dxc4 7. Qc2 b6 8. Rd1 Bb7 9. Qxc4 c5 10. Nc3 Qc8 11. Bg5 cxd4 12. Qxc8 Rxc8 13. Nb5 Nbd7 14. Nbxd4 Nc5 15. Ne5 Bxg2 16. Kxg2 Na4 17. Ndc6 Bf8 18. Rd4 Ne8 19. Rxa4 f6 20. Rd1 fxe5 21. Nxe5 Rc5 22. Nf3 Rc2 23. Rd2 Rxd2 24. Bxd2 Bd6 25. Be3 Rc8 26. Rxa7 Rc2 27. Ra8 Kf8 28. b3 Bc5 29. Nd4 Bxd4 30. Bxd4 b5 31. e3 Kf7 32. a4 bxa4 33. bxa4 Nd6 34. a5 Ne4 35. a6 Rxf2+ 36. Kg1 Ra2 37. a7 Ng5 38. Kf1 Nf3 39. Bc5 Nxh2+ 40. Ke1 Kg6 41. Rf8 Ra1+ 42. Ke2 Ra2+ 43. Kd3 e5 44. a8Q Rxa8 45. Rxa8 Nf1 46. Ra1 1-0

[Event "Pattaya Thailand op 2nd"]
[Site "Pattaya"]
[Date "2019.10.28"]
[Round "7"]
[White "Tan, Jun Ying"]
[Black "Turqueza, Mari Joseph"]
[Result "1/2-1/2"]
[WhiteElo "2090"]
[BlackElo "2317"]
[PlyCount "46"]
[EventDate "2019.10.23"]
[EventType "swiss"]
[EventRounds "9"]
[EventCountry "THA"]
[SourceTitle "CBM 192 Extra"]
[Source "Chessbase"]
[SourceDate "2019.11.06"]
[SourceVersion "1"]
[SourceVersionDate "2019.11.06"]
[SourceQuality "1"]

1. d4 Nf6 2. c4 e6 3. Nc3 Bb4 4. e3 0-0 5. Bd3 d5 6. Nf3 c5 7. 0-0 cxd4 8. exd4 dxc4 9. Bxc4 Nc6 10. Bg5 Be7 11. Re1 a6 12. Bb3 h6 13. Be3 b5 14. d5 exd5 15. Nxd5 Nxd5 16. Qxd5 Qxd5 17. Bxd5 Bb7 18. Rac1 Rac8 19. Bc5 Bxc5 20. Rxc5 Na5 21. Rxc8 Rxc8 22. Bxb7 Nxb7 23. Kf1 Kf8 1/2-1/2

[Event "Pattaya op"]
[Site "Pattaya"]
[Date "2019.10.26"]
[Round "5"]
[White "Lopez, Henry"]
[Black "Turqueza, Mari Joseph"]
[Result "1-0"]
[WhiteElo "2101"]
[BlackElo "2317"]
[PlyCount "96"]
[EventDate "2019.10.23"]
[EventType "swiss"]
[EventRounds "9"]
[EventCountry "THA"]
[SourceTitle "CBM 195 Extra"]
[Source "ChessBase"]
[SourceDate "2020.05.31"]
[SourceVersion "1"]
[SourceVersionDate "2020.05.31"]
[SourceQuality "1"]

1. d4 Nf6 2. Nf3 c5 3. d5 b5 4. c4 Qa5+ 5. Bd2 b4 6. Qc2 d6 7. h3 g6 8. e4 Bg7 9. Bd3 0-0 10. 0-0 e5 11. Be3 Nh5 12. Nbd2 Nf4 13. a3 Na6 14. Rfe1 bxa3 15. bxa3 Nxd3 16. Qxd3 Bd7 17. Nb3 Qd8 18. Nfd2 f5 19. f3 f4 20. Bf2 g5 21. Nf1 h5 22. Nh2 Rf6 23. Rab1 Rg6 24. Nd2 Nc7 25. Rb3 Ne8 26. Reb1 Nf6 27. Rb7 Bf8 28. Qb3 g4 29. hxg4 hxg4 30. fxg4 Nxg4 31. Nxg4 Bxg4 32. Nf3 Be7 33. Kf1 Rg7 34. Qb5 Kh7 35. Qc6 Rc8 36. Qa6 Qe8 37. Rxa7 Qg6 38. Rbb7 Re8 39. Qa4 Bc8 40. Nh4 Qh5 41. Rc7 f3 42. gxf3 Bh3+ 43. Ke2 Kg8 44. Qc6 Kf8 45. Ra8 Rxa8 46. Qxa8+ Kf7 47. a4 Rh7 48. Be3 Rh8 1-0

[Event "Pattaya op"]
[Site "Pattaya"]
[Date "2019.10.24"]
[Round "3"]
[White "Mordido, Kylen Joy"]
[Black "Turqueza, Mari Joseph"]
[Result "1/2-1/2"]
[WhiteElo "2066"]
[BlackElo "2317"]
[PlyCount "52"]
[EventDate "2019.10.23"]
[EventType "swiss"]
[EventRounds "9"]
[EventCountry "THA"]
[SourceTitle "CBM 195 Extra"]
[Source "ChessBase"]
[SourceDate "2020.05.31"]
[SourceVersion "1"]
[SourceVersionDate "2020.05.31"]
[SourceQuality "1"]

1. c4 c5 2. Nf3 g6 3. d4 Nf6 4. Nc3 cxd4 5. Nxd4 Nc6 6. e4 Nxd4 7. Qxd4 d6 8. Be3 Bg7 9. Be2 0-0 10. Qd2 a5 11. f3 a4 12. 0-0 Qa5 13. Rab1 Be6 14. Nd5 Qxd2 15. Bxd2 Nxd5 16. cxd5 Bd7 17. Rfc1 Rfc8 18. Rxc8+ Rxc8 19. Bd3 f5 20. Kf1 fxe4 21. fxe4 e6 22. b3 exd5 23. exd5 Rf8+ 24. Ke1 Re8+ 25. Kf1 Rf8+ 26. Ke1 Re8+ 1/2-1/2

[Event "Asian Continental op 17th"]
[Site "Makati"]
[Date "2018.12.14"]
[Round "5"]
[White "Antonio, Rogelio Jr"]
[Black "Turqueza, Mari Joseph"]
[Result "1/2-1/2"]
[WhiteElo "2431"]
[BlackElo "2305"]
[PlyCount "64"]
[EventDate "2018.12.10"]
[EventType "swiss"]
[EventRounds "9"]
[EventCountry "PHI"]
[SourceTitle "CBM 187 Extra"]
[Source "ChessBase"]
[SourceDate "2018.11.04"]
[SourceVersion "1"]
[SourceVersionDate "2018.11.04"]
[SourceQuality "1"]

1. e4 c5 2. Nc3 Nc6 3. f4 g6 4. Nf3 Bg7 5. Bb5 Nd4 6. 0-0 Nxb5 7. Nxb5 d5 8. d3 Bd7 9. Nc3 dxe4 10. dxe4 Bxc3 11. bxc3 Bb5 12. Qxd8+ Rxd8 13. Re1 Ba4 14. c4 Bxc2 15. Bb2 Nf6 16. Rac1 Ba4 17. Ne5 0-0 18. Bc3 Nd7 19. Ng4 f6 20. f5 Bc6 21. e5 h5 22. exf6 exf6 23. Ne3 g5 24. Nf1 Rde8 25. Re6 Ne5 26. Ng3 Bd7 27. Rxe8 Bxe8 28. Ne4 Bc6 29. Nxc5 Re8 30. Ne6 Be4 31. Bxe5 Bxf5 32. Bxf6 Rxe6 1/2-1/2

[Event "Asian Continental op 17th"]
[Site "Makati"]
[Date "2018.12.13"]
[Round "4"]
[White "Taher, Yoseph Theolifus"]
[Black "Turqueza, Mari Joseph"]
[Result "1-0"]
[WhiteElo "2454"]
[BlackElo "2305"]
[PlyCount "89"]
[EventDate "2018.12.10"]
[EventType "swiss"]
[EventRounds "9"]
[EventCountry "PHI"]
[SourceTitle "CBM 187 Extra"]
[Source "ChessBase"]
[SourceDate "2018.11.04"]
[SourceVersion "1"]
[SourceVersionDate "2018.11.04"]
[SourceQuality "1"]

1. e4 c5 2. Nc3 Nc6 3. Nf3 e5 4. Bc4 d6 5. d3 Be7 6. a3 Nd4 7. h3 Be6 8. 0-0 Nf6 9. Bg5 0-0 10. Bxf6 Nxf3+ 11. Qxf3 Bxf6 12. b4 Rc8 13. Nd5 Bg5 14. Qe2 Kh8 15. Rab1 Qd7 16. b5 b6 17. Nc3 g6 18. a4 Rce8 19. a5 bxa5 20. b6 Rb8 21. Bxe6 fxe6 22. Qg4 Bd2 23. bxa7 Qxa7 24. Rxb8 Qxb8 25. Nb1 Be3 26. Qd1 Bh6 27. Na3 d5 28. Qa1 Qb4 29. c3 Qa4 30. Re1 d4 31. cxd4 Bd2 32. Rb1 Bb4 33. dxc5 Qxa3 34. Qxe5+ Kg8 35. Qxe6+ Kg7 36. Qd7+ Rf7 37. Qd4+ Kg8 38. c6 Bd6 39. e5 Bc5 40. Qd8+ Kg7 41. c7 Qa2 42. Rc1 Qxf2+ 43. Kh1 Qe3 44. Rb1 Be7 45. Qe8 1-0

[Event "Asian Continental op 17th"]
[Site "Makati"]
[Date "2018.12.11"]
[Round "2"]
[White "Laylo, Darwin"]
[Black "Turqueza, Mari Joseph"]
[Result "1/2-1/2"]
[WhiteElo "2438"]
[BlackElo "2305"]
[PlyCount "58"]
[EventDate "2018.12.10"]
[EventType "swiss"]
[EventRounds "9"]
[EventCountry "PHI"]
[SourceTitle "CBM 187 Extra"]
[Source "ChessBase"]
[SourceDate "2018.11.04"]
[SourceVersion "1"]
[SourceVersionDate "2018.11.04"]
[SourceQuality "1"]

1. d4 Nf6 2. c4 e6 3. Nf3 b6 4. a3 Bb7 5. Nc3 d5 6. cxd5 Nxd5 7. e3 Be7 8. Bb5+ c6 9. Bd3 c5 10. 0-0 0-0 11. Qc2 h6 12. e4 Nxc3 13. bxc3 cxd4 14. cxd4 Qc8 15. Qe2 Ba6 16. Rd1 Bxd3 17. Rxd3 Nd7 18. Bf4 Qb7 19. Ne5 Nxe5 20. Bxe5 f6 21. Bg3 Rad8 22. Rad1 Rfe8 23. h4 Bf8 24. h5 Qf7 25. Bh4 Rd7 26. Rg3 Red8 27. Rgd3 Re8 28. Rg3 Red8 29. Rgd3 Re8 1/2-1/2

[Event "Asian Continental op 17th"]
[Site "Makati"]
[Date "2018.12.10"]
[Round "1"]
[White "Turqueza, Mari Joseph"]
[Black "Tran, Tuan Minh"]
[Result "0-1"]
[WhiteElo "2305"]
[BlackElo "2524"]
[PlyCount "58"]
[EventDate "2018.12.10"]
[EventType "swiss"]
[EventRounds "9"]
[EventCountry "PHI"]
[SourceTitle "CBM 187 Extra"]
[Source "ChessBase"]
[SourceDate "2018.11.04"]
[SourceVersion "1"]
[SourceVersionDate "2018.11.04"]
[SourceQuality "1"]

1. d4 Nf6 2. c4 e6 3. Nf3 b6 4. g3 Ba6 5. Nbd2 c5 6. e4 cxd4 7. e5 Ng8 8. Bg2 Nc6 9. 0-0 Nge7 10. Ne4 Ng6 11. Bg5 Qb8 12. Nxd4 Ncxe5 13. f4 Bxc4 14. Rf2 Nd3 15. Rd2 h6 16. Rxd3 hxg5 17. Nxg5 Bxd3 18. Qxd3 Bc5 19. b4 Nxf4 20. gxf4 Qxf4 21. bxc5 Qxg5 22. Re1 bxc5 23. Nf5 0-0 24. Ng3 d5 25. Qc3 Rac8 26. Re5 Qf4 27. Ne2 Qf6 28. Qg3 c4 29. Nd4 c3 0-1

[Event "Olympiad-43"]
[Site "Batumi"]
[Date "2018.09.25"]
[Round "2.4"]
[White "Nayhebaver, Martin"]
[Black "Turqueza, Mari Joseph"]
[Result "1-0"]
[WhiteElo "2466"]
[BlackElo "2360"]
[PlyCount "81"]
[EventDate "2018.09.24"]
[EventType "team-swiss"]
[EventRounds "11"]
[EventCountry "GEO"]
[SourceTitle "CBM 187"]
[Source "ChessBase"]
[SourceDate "2018.12.11"]
[SourceVersion "1"]
[SourceVersionDate "2018.12.11"]
[SourceQuality "1"]
[WhiteTeam "Slovakia"]
[BlackTeam "Philippines"]
[WhiteTeamCountry "SVK"]
[BlackTeamCountry "PHI"]

1. e4 c5 2. Nc3 d6 3. d4 cxd4 4. Qxd4 Nc6 5. Qd2 g6 6. b3 Bg7 7. Bb2 Nf6 8. 0-0-0 Be6 9. Kb1 Rc8 10. f3 0-0 11. Nge2 Qa5 12. g4 Rfd8 13. g5 Nh5 14. a3 a6 15. Nd5 Qxd2 16. Rxd2 h6 17. h4 Bxb2 18. Kxb2 Kg7 19. Ne3 a5 20. f4 Bd7 21. Bg2 b5 22. Bf3 hxg5 23. hxg5 Rh8 24. e5 Nxf4 25. Nxf4 Nxe5 26. Rf1 Nxf3 27. Rxf3 Bc6 28. Rf1 Rh1 29. Rxh1 Bxh1 30. Ned5 Bxd5 31. Rxd5 Rb8 32. Ne2 f5 33. gxf6+ Kxf6 34. b4 axb4 35. axb4 g5 36. Ng3 e6 37. Ne4+ Kf7 38. Nxd6+ Ke7 39. Rxb5 Rf8 40. Ne4 g4 41. Rb7+ 1-0

[Event "Asia-ch Universities"]
[Site "Tagaytay City"]
[Date "2018.05.28"]
[Round "2"]
[White "Miciano, John Marvin"]
[Black "Turqueza, Mari Joseph"]
[Result "1/2-1/2"]
[WhiteElo "2431"]
[BlackElo "2294"]
[PlyCount "79"]
[EventDate "2018.05.27"]
[EventType "swiss"]
[EventRounds "9"]
[EventCountry "PHI"]
[SourceTitle "EXT 2019"]
[Source "ChessBase"]
[SourceDate "2018.10.10"]
[SourceVersion "1"]
[SourceVersionDate "2018.10.10"]
[SourceQuality "1"]

1. e4 c5 2. Nc3 d6 3. g3 g6 4. Bg2 Bg7 5. f4 Nc6 6. d3 Bd7 7. Nf3 Rb8 8. 0-0 Qc8 9. Nd5 Nf6 10. Ne3 0-0 11. f5 b5 12. g4 Ne5 13. Nxe5 dxe5 14. g5 Nh5 15. Nd5 Re8 16. f6 Bg4 17. Bf3 Bxf3 18. Qxf3 exf6 19. gxf6 Bf8 20. Kh1 h6 21. Rg1 Kh7 22. Rg4 Rd8 23. Rh4 Rxd5 24. exd5 Rb6 25. Be3 Rxf6 26. Qg2 Rf5 27. Rf1 Rxf1+ 28. Qxf1 f5 29. Qh3 Qd7 30. Kg1 Qf7 31. a4 a6 32. axb5 axb5 33. Qf1 Be7 34. Rh3 f4 35. Bf2 Qf5 36. Rxh5 gxh5 37. Qe2 Kg6 38. Kg2 Kf7 39. Qe4 Qxe4+ 40. dxe4 1/2-1/2

[Event "Olongapo City Puregold op"]
[Site "Olongapo City"]
[Date "2015.11.21"]
[Round "9"]
[White "Nolte, Rolando"]
[Black "Turqueza, Mari Joseph"]
[Result "1-0"]
[WhiteElo "2417"]
[BlackElo "2313"]
[PlyCount "79"]
[EventDate "2015.11.16"]
[EventType "game"]
[EventRounds "10"]
[EventCountry "PHI"]
[SourceTitle "CBM 169 Extra"]
[Source "ChessBase"]
[SourceDate "2015.12.18"]
[SourceVersion "1"]
[SourceVersionDate "2015.12.18"]
[SourceQuality "1"]

1. e4 c5 2. Nf3 d6 3. d4 cxd4 4. Nxd4 Nf6 5. Nc3 a6 6. Be3 e5 7. Nb3 Be6 8. f3 h5 9. Qd2 Nbd7 10. Nd5 Bxd5 11. exd5 g6 12. c4 b6 13. Be2 Bg7 14. 0-0 0-0 15. Rac1 Nh7 16. Na1 Bf6 17. Nc2 Bg5 18. Nb4 Bxe3+ 19. Qxe3 Qc7 20. Nc6 Nb8 21. f4 Nxc6 22. dxc6 exf4 23. Qd4 Ng5 24. Qxf4 Rae8 25. Bxh5 Qxc6 26. Qxg5 Re5 27. Qg3 Rxh5 28. Rf6 Qc5+ 29. Kh1 Kg7 30. Rcf1 Qxc4 31. b3 Qe2 32. Qxd6 Rg5 33. R6f2 Qb5 34. Qc7 Kg8 35. h3 Rc5 36. Qg3 Rc2 37. Rf6 Rc6 38. Qf4 Rxf6 39. Qxf6 a5 40. Rf4 1-0

[Event "Olongapo City Puregold op"]
[Site "Olongapo City"]
[Date "2015.11.20"]
[Round "8"]
[White "Turqueza, Mari Joseph"]
[Black "Pacis, Adrian"]
[Result "1-0"]
[WhiteElo "2313"]
[BlackElo "2254"]
[PlyCount "55"]
[EventDate "2015.11.16"]
[EventType "game"]
[EventRounds "10"]
[EventCountry "PHI"]
[SourceTitle "CBM 169 Extra"]
[Source "ChessBase"]
[SourceDate "2015.12.18"]
[SourceVersion "1"]
[SourceVersionDate "2015.12.18"]
[SourceQuality "1"]

1. d4 f5 2. g3 Nf6 3. Bg2 g6 4. Nf3 Bg7 5. 0-0 0-0 6. c4 d6 7. Nc3 Qe8 8. Re1 e5 9. dxe5 dxe5 10. e4 fxe4 11. Ng5 Nc6 12. Be3 Bg4 13. Qb3 b6 14. c5+ Kh8 15. h3 Bd7 16. Ncxe4 Nxe4 17. Bxe4 h6 18. Nf3 Bxh3 19. Qd5 Rf6 20. cxb6 cxb6 21. Rac1 Rd8 22. Qb5 Bd7 23. Qc4 Rc8 24. Qa6 Bg4 25. Nh4 g5 26. Ng2 Rd6 27. Rc4 Rcd8 28. Bxc6 1-0

[Event "PHI-ch"]
[Site "Manila"]
[Date "2015.10.31"]
[Round "11"]
[White "Torre, Eugenio"]
[Black "Turqueza, Mari Joseph"]
[Result "1/2-1/2"]
[WhiteElo "2463"]
[BlackElo "2313"]
[PlyCount "68"]
[EventDate "2015.10.24"]
[EventType "tourn"]
[EventRounds "11"]
[EventCountry "PHI"]
[EventCategory "6"]
[SourceTitle "CBM 169 Extra"]
[Source "ChessBase"]
[SourceDate "2015.12.18"]
[SourceVersion "1"]
[SourceVersionDate "2015.12.18"]
[SourceQuality "1"]

1. d4 Nf6 2. Bg5 Ne4 3. Bf4 d5 4. Nd2 Bf5 5. e3 e6 6. Bd3 Nxd2 7. Qxd2 Bxd3 8. Qxd3 a6 9. Ne2 c5 10. c3 Nc6 11. 0-0 cxd4 12. exd4 Bd6 13. Qg3 Bxf4 14. Nxf4 Qf6 15. Rfe1 0-0 16. Nh5 Qh6 17. Qf3 b5 18. Re3 Qg5 19. a3 a5 20. Qh3 g6 21. Rg3 Qd8 22. Nf4 Ne7 23. Nd3 Nf5 24. Rf3 Qh4 25. Qxh4 Nxh4 26. Re3 Nf5 27. Re2 h5 28. g3 Kg7 29. Kg2 a4 30. h4 Nd6 31. Rae1 Nc4 32. Ne5 Nxe5 33. Rxe5 Kf6 34. f4 Rh8 1/2-1/2

[Event "PHI-ch"]
[Site "Manila"]
[Date "2015.10.30"]
[Round "10"]
[White "Turqueza, Mari Joseph"]
[Black "Docena, Jerad"]
[Result "1/2-1/2"]
[WhiteElo "2313"]
[BlackElo "2270"]
[PlyCount "83"]
[EventDate "2015.10.24"]
[EventType "tourn"]
[EventRounds "11"]
[EventCountry "PHI"]
[EventCategory "6"]
[SourceTitle "CBM 169 Extra"]
[Source "ChessBase"]
[SourceDate "2015.12.18"]
[SourceVersion "1"]
[SourceVersionDate "2015.12.18"]
[SourceQuality "1"]

1. d4 Nf6 2. c4 g6 3. Nc3 Bg7 4. e4 d6 5. Nf3 0-0 6. Be2 e5 7. 0-0 Nc6 8. d5 Ne7 9. b4 Nh5 10. Re1 f5 11. Ng5 Nf4 12. Bf1 h6 13. Nf3 fxe4 14. Nd2 Nf5 15. Ndxe4 Nd4 16. Be3 a5 17. bxa5 Qh4 18. f3 Rxa5 19. Nb5 Nxb5 20. cxb5 b6 21. a4 Bb7 22. Bc4 Qd8 23. Bd2 Ra7 24. g3 Nh5 25. a5 bxa5 26. Rxa5 Rxa5 27. Bxa5 Nf6 28. Kg2 Nxe4 29. fxe4 Qd7 30. Be2 Ra8 31. Qd2 Bf6 32. Qc3 Bd8 33. Rc1 Bc8 34. Kg1 c5 35. dxc6 Qa7+ 36. b6 Bxb6+ 37. Bxb6 Qxb6+ 38. Kg2 Qd4 39. Bc4+ Kh7 40. Qc2 Rb8 41. Rf1 Rb2 42. Rf7+ 1/2-1/2

[Event "PHI-ch"]
[Site "Manila"]
[Date "2015.10.29"]
[Round "9"]
[White "Bersamina, Paulo"]
[Black "Turqueza, Mari Joseph"]
[Result "1/2-1/2"]
[WhiteElo "2361"]
[BlackElo "2313"]
[PlyCount "63"]
[EventDate "2015.10.24"]
[EventType "tourn"]
[EventRounds "11"]
[EventCountry "PHI"]
[EventCategory "6"]
[SourceTitle "CBM 169 Extra"]
[Source "ChessBase"]
[SourceDate "2015.12.18"]
[SourceVersion "1"]
[SourceVersionDate "2015.12.18"]
[SourceQuality "1"]

1. e4 c5 2. Nf3 d6 3. Bc4 Nf6 4. Qe2 Nc6 5. c3 a6 6. 0-0 Bg4 7. Bb3 e6 8. h3 Bh5 9. Qe3 Bg6 10. d3 d5 11. Nbd2 b5 12. e5 Nd7 13. d4 Qb6 14. Bd1 Be7 15. Be2 cxd4 16. cxd4 Nb4 17. Ne1 Rc8 18. a3 Nc2 19. Nxc2 Rxc2 20. Bd3 Bxd3 21. Qxd3 Rc6 22. Nb3 0-0 23. Be3 Rfc8 24. Rac1 Rxc1 25. Rxc1 Rxc1+ 26. Nxc1 Qc6 27. Nb3 Qc4 28. Qd1 h6 29. Nd2 Qc6 30. Nb3 Qc4 31. Nd2 Qc6 32. Nb3 1/2-1/2

[Event "PHI-ch"]
[Site "Manila"]
[Date "2015.10.27"]
[Round "6"]
[White "Turqueza, Mari Joseph"]
[Black "Bitoon, Richard"]
[Result "1/2-1/2"]
[WhiteElo "2313"]
[BlackElo "2417"]
[PlyCount "60"]
[EventDate "2015.10.24"]
[EventType "tourn"]
[EventRounds "11"]
[EventCountry "PHI"]
[EventCategory "6"]
[SourceTitle "CBM 169 Extra"]
[Source "ChessBase"]
[SourceDate "2015.12.18"]
[SourceVersion "1"]
[SourceVersionDate "2015.12.18"]
[SourceQuality "1"]

1. d4 d6 2. Nf3 c6 3. c4 Bg4 4. Nbd2 Nd7 5. g3 e5 6. Bg2 Ngf6 7. 0-0 Be7 8. h3 Bxf3 9. Nxf3 0-0 10. Bg5 Qb6 11. dxe5 Nxe5 12. Nxe5 dxe5 13. Bxf6 Bxf6 14. Qc2 Rad8 15. Rad1 Be7 16. b3 g6 17. Rxd8 Rxd8 18. Rd1 Bc5 19. Rxd8+ Qxd8 20. e3 Qd6 21. g4 Kg7 22. Be4 a5 23. Qd3 Qxd3 24. Bxd3 Kf6 25. Kg2 h6 26. Kf3 Ke6 27. h4 f5 28. gxf5+ gxf5 29. e4 f4 30. Bf1 Kf7 1/2-1/2

[Event "PHI-ch"]
[Site "Manila"]
[Date "2015.10.24"]
[Round "1"]
[White "Turqueza, Mari Joseph"]
[Black "Pascua, Haridas"]
[Result "1/2-1/2"]
[WhiteElo "2313"]
[BlackElo "2452"]
[PlyCount "67"]
[EventDate "2015.10.24"]
[EventType "tourn"]
[EventRounds "11"]
[EventCountry "PHI"]
[EventCategory "6"]
[SourceTitle "CBM 169 Extra"]
[Source "ChessBase"]
[SourceDate "2015.12.18"]
[SourceVersion "1"]
[SourceVersionDate "2015.12.18"]
[SourceQuality "1"]

1. d4 Nf6 2. c4 g6 3. Nc3 d5 4. cxd5 Nxd5 5. Bd2 Bg7 6. e4 Nxc3 7. Bxc3 0-0 8. Bc4 c5 9. Ne2 Nc6 10. dxc5 Bxc3+ 11. Nxc3 Qa5 12. 0-0 Qxc5 13. Qd5 Qb4 14. Qb5 Qxb5 15. Bxb5 Nd4 16. Bc4 Be6 17. Bxe6 fxe6 18. Rad1 Rad8 19. f4 Nc6 20. Rxd8 Rxd8 21. Rd1 Rxd1+ 22. Nxd1 e5 23. fxe5 Nxe5 24. Kf2 Kf7 25. h3 Ke6 26. Ke3 Nc6 27. Nf2 Nb4 28. a3 Nc2+ 29. Kd2 Nd4 30. Kd3 Nc6 31. Ke3 Ne5 32. Kd4 Nc6+ 33. Ke3 Ne5 34. Kd4 1/2-1/2